00441nam a2200157Ia 4500008004100000020001500041082001400056100001700070245003600087250000700123260003100130300003200161500001900193600002100212650005000233240925s9999 xx 000 0 und d a1565920554 a005.1 DUB aDubois, Paul 0aSoftware Partabiligy With Imake aNA aBeijing:bO Reillyc,1994. aVarious pagesbNAfOriginal aIncludes Index aComputer Science aComputer science, information & general works